<El> "Stock" de capital en Espaňa y su distribucion territorial series agregadas 1964-1996, series de inversión privada por CC.AA. 1964-1994

Salvato in:
Dettagli Bibliografici
Natura: Libro
Lingua:spagnolo
Pubblicazione: Bilbao Fundación BBV 1998
Soggetti:
Tags: Aggiungi Tag
Nessun Tag, puoi essere il primo ad aggiungerne!!

MARC

LEADER 00000nam a2200000 4500
001 c131716
005 20221221083656.8
020 |a 84-88562-91-8 
041 0 |a spa 
044 |a ES 
245 1 0 |a <El> "Stock" de capital en Espaňa y su distribucion territorial  |b series agregadas 1964-1996, series de inversión privada por CC.AA. 1964-1994 
264 1 |a Bilbao  |b Fundación BBV  |c 1998 
300 |a 329 s. 
610 2 0 |a kapitál 
610 2 0 |a Španielsko